LEADER 01124nam a2200277 i 4500 001 000000146851 003 CaOOAMICUS 005 20060118000000.0 008 060118s1979 it u000 u ita u 013 $a123778 040 $aSeMil$bita 100 1 $aO'Neill, Gerard K.$0(OLS)http://semarc/name/58385 245 10$aColonie umane nello spazio /$cGerard K. O'Neill ; traduzione di Tullio Chersi. 260 $aMilano :$bArnoldo Mondadori Editore,$c1979. 300 $a334 p. :$bcon 63 disegni nel testo ;$c20 cm. 490 0 $aArcobaleno 500 $aContiene : Appendici. - Fondo Ciprandi. 650 4$aCiviltà extraterrestri.$0(OLS)http://semarc/subject/28731 700 1 $aChersi, Tullio.$0(OLS)http://semarc/name/58386 830 0$aArcobaleno.$0(OLS)http://semarc/title/6837 850 $aSeMil 852 $aSeMil$W1$xVenegono$y1$m1W II 245$j99465$B99465$CSeMilBibl$Z2$F107953 $81 941 1 $a1 961 $aOmaggio: Ciprandi dott. Paolo 996 $6245$aColonie umane nello spazio$9(OLS)http://semarc/title/214769 996 $6260$aMilano :$bArnoldo Mondadori Editore$9(OLS)http://semarc/publisher/30056 LEADER 01074nam a2200277 i 4500 001 000000193472 003 CaOOAMICUS 005 20150707000000.0 008 150707n it u000 u ita u 013 $a172114 040 $aSeMil$bita 245 10$aTe sitit anima mea :$bvisite eucaristiche per chierici. 260 $aRoma :$bLucere et Ardere,$cstampa 1953. 300 $a302 p. ;$c14 cm. 490 0 $aLucere et ardere 500 $aFondo card. Giovanni Colombo. 650 4$aEucaristia.$0(OLS)http://semarc/subject/3487 650 4$aPreghiera.$0(OLS)http://semarc/subject/1091 650 4$aVita spirituale.$0(OLS)http://semarc/subject/381 830 0$aLucere et ardere.$0(OLS)http://semarc/title/6576 850 $aSeMil 852 $aSeMil$W1$xVenegono$y1$m3GC I 418$j144046$B144046$CSeMilBibl$Z2$F155490 $8B 941 1 $a3 961 $aLascito: Colombo Card. Giovanni 996 $6245$aTe sitit anima mea :$bvisite eucaristiche per chierici$9(OLS)http://semarc/title/278899 996 $6260$aRoma :$bLucere et Ardere$9(OLS)http://semarc/publisher/34612